000 00717nam a2200217 a 4500
005 20191224041825.0
008 160826b2003 xxu||||| nm|| 00| 0 spa d
040 _aCO-BoIAVH
_cCO-BoIAVH
041 _aspa
090 _aTE
_b0145
100 1 _aCaicedo Cabrera , Arley Eduardo
245 1 0 _aCaracterización de sistemas agroforestales tradicionales en la micro cuenca el Quinche, corregimiento de Buesaquillo, municipio Pasto
260 _aPasto
_bUniversidad de NariƱo
_c2003
300 _a122 Paginas
650 1 4 _aAgroforesteria
650 1 4 _aMicrocuenca
650 1 4 _aCuenca Hidrografica
700 _aJativa Salazar, Francisco
942 _cTESIS
_2z
945 _d2007-12-27
999 _c6076
_d6076